| 000 | 00714pam a2200229 a 4500 | ||
|---|---|---|---|
| 999 |
_c5228 _d5228 |
||
| 001 | 11859 | ||
| 003 | BD-DhUAP | ||
| 005 | 20201203162109.0 | ||
| 008 | 201203s20061998nyua b 001 0 eng | ||
| 020 | _a0824798848 (alk. paper) | ||
| 040 |
_aDLC _cDLC _dBD-DhUAP _beng |
||
| 050 | 0 | 0 |
_aRS189 _b.A37 1998 |
| 082 | 0 | 0 |
_a615.1 AHU _223 |
| 100 | 1 | _aAhuja, Satinder. | |
| 245 | 1 | 0 |
_aImpurities evaluation of pharmaceuticals / _cSatinder Ahuja. |
| 260 |
_aNew York : _bMarcel Dekker, _cc1998 [Reprinted 2006]. |
||
| 300 |
_aiv, 293 pages : _billustrations ; _c24 cm. |
||
| 504 | _aIncludes bibliographical references and index. | ||
| 650 | 0 |
_aDrugs _xAnalysis. |
|
| 650 | 0 | _aContamination (Technology) | |
| 942 |
_2ddc _cBK |
||